000 nam a22 7a 4500
999 _c10763
_d10763
008 180223b ||||| |||| 00| 0 eng d
100 _aChugh,RK.
_96609
245 _aDigitech-5
260 _aNew Delhi
_bG. Ram Books
_c2013